|
|
|
|
| LEADER |
00000cam a2200000 a 4500 |
| 001 |
57543 |
| 003 |
CZ-ZlUTB |
| 005 |
20240829143312.0 |
| 007 |
ta |
| 008 |
000215s1966 ru a f f 001 0 rus d |
| 040 |
|
|
|a BOD004
|b cze
|d BOD002
|d ZLD002
|
| 041 |
1 |
|
|a rus
|h eng
|
| 072 |
|
7 |
|a 543
|x Analytická chemie
|2 Konspekt
|9 10
|
| 080 |
|
|
|a 543.62
|2 MRF
|
| 080 |
|
|
|a 543.645
|2 MRF
|
| 080 |
|
|
|a 669:543.6
|2 MRF
|
| 080 |
|
|
|a (035)
|2 MRF
|
| 245 |
0 |
0 |
|a Praktičeskoje rukovodstvo po neorganičeskomu analizu /
|c V.F. Gillebrand ... [et al.] ; perevod s anglijskogo E.I. Gul'dinoj i J.J. Lurje
|
| 250 |
|
|
|a Izd. 3. stereotip., ispravl.
|
| 260 |
|
|
|a Moskva :
|b Chimija,
|c 1966
|
| 300 |
|
|
|a 1111 s. :
|b il. ;
|c 25 cm
|
| 504 |
|
|
|a Obsahuje bibliografii, bibliografické odkazy a rejstřík
|
| 650 |
0 |
7 |
|a anorganická analýza
|7 ph118471
|2 czenas
|
| 650 |
0 |
7 |
|a biochemická analýza
|7 ph250768
|2 czenas
|
| 650 |
0 |
7 |
|a metalurgická analýza
|7 ph136667
|2 czenas
|
| 650 |
0 |
9 |
|a inorganic analysis
|2 eczenas
|
| 650 |
0 |
9 |
|a biochemical analysis
|2 eczenas
|
| 650 |
0 |
9 |
|a metallurgical analysis
|2 eczenas
|
| 655 |
|
7 |
|a příručky
|7 fd133209
|2 czenas
|
| 655 |
|
9 |
|a handbooks, manuals, etc
|2 eczenas
|
| 700 |
1 |
|
|a Hillebrand, W. F.
|q (William Francis),
|d 1853-1925
|7 kv2009520857
|4 aut
|
| 765 |
0 |
|
|t Applied inorganic analysis: with special reference to the analysis of metals, minerals and rocks
|9 Rusky
|
| 910 |
|
|
|a ZLD002
|
| 952 |
|
|
|0 0
|1 0
|4 0
|6 543PRAKTIČESKOJE
|7 0
|8 BOOK
|9 105732
|a UTBZL
|b UTBZL
|c 030
|d 2010-09-28
|l 0
|o 543/PRAKTIČESKOJE
|p 420010134310
|r 2019-08-26 00:00:00
|v 73.00
|w 2019-08-26
|x N: převod SPUR;
|y 05
|
| 990 |
|
|
|a SPUR
|
| 992 |
|
|
|a BK
|b SK
|c SPUR
|
| 998 |
|
|
|a 002417138
|
| 999 |
|
|
|c 57543
|d 57543
|